000 00578nam a22001937a 4500
999 _c4584
_d4584
003 AR-CdUCM
008 190311b ||||| |||| 00| 0 spa d
040 _aMUNICIPALIDAD PROVINCIAL DEL CUSCO
_cBIBLIOTECA MUNICIPAL DEL CUSCO
082 _a869.58 /
_bV39
100 _aVegas Núñez, Gilberto Enrique
_914322
245 _aClelia :
_bpoemas /
260 _aLima :
_bImprenta el condor,
_c1958.
300 _a70 páginas ;
_c17.5 cm.
500 _aDonación familia Nieto.
650 _aPoesías peruanas
_91481
650 _aSiglo XX
_98
942 _2ddc
_cLIBROS
945 _aafb